Visualizzazione normale
Vista MARC
- Hacienda pública
di Topical Term
Records bibliografici associati: 2
001 - CONTROL NUMBER
- control field: 11769
003 - CONTROL NUMBER IDENTIFIER
- control field: IT-RoINE
005 - DATE AND TIME OF LATEST TRANSACTION
- control field: 20140915122542.0
008 - FIXED-LENGTH DATA ELEMENTS
- fixed length control field: 140915|| aca||aabn | a|a d
040 ## - CATALOGING SOURCE
- Original cataloging agency: IT-RoINE
- Transcribing agency: IT-RoINE
150 ## - HEADING--TOPICAL TERM
- Topical term or geographic name as entry element: Hacienda pública
- Geographic subdivision: Castilla (Reino)
670 ## - SOURCE DATA FOUND
- Source citation: Work cat.: (IT-RoINE)0: Carretero Zamora, Juan Manuel 11768, Hacienda y negocio financiero en tiempos de Isabel la Católica :, 2003.